Home Print Resources E-Books E-Journals IIMT Lecture Series Library Membership Form Book Recommendation Form Campus Tour Take AdmissionAbout Us Contact Us

HINDI KE ADHUNIK PRATINIDHI KAVI (Record no. 50314)

000 -LEADER
fixed length control field 00411nam a22001697a 4500
003 - CONTROL NUMBER IDENTIFIER
control field OSt
005 - DATE AND TIME OF LATEST TRANSACTION
control field 20240329112638.0
008 - FIXED-LENGTH DATA ELEMENTS--GENERAL INFORMATION
fixed length control field 201212b xxu||||| |||| 00| 0 eng d
020 ## - INTERNATIONAL STANDARD BOOK NUMBER
International Standard Book Number 978-8174571588
040 ## - CATALOGING SOURCE
Transcribing agency IIMT UNIVERSITY
100 ## - MAIN ENTRY--PERSONAL NAME
Personal name SAXENA DURIKA PRASAD
245 ## - TITLE STATEMENT
Title HINDI KE ADHUNIK PRATINIDHI KAVI
250 ## - EDITION STATEMENT
Edition statement 2018
260 ## - PUBLICATION, DISTRIBUTION, ETC.
Place of publication, distribution, etc. AGARA
Name of publisher, distributor, etc. VINOD PUB
Date of publication, distribution, etc. 12/11/20
300 ## - PHYSICAL DESCRIPTION
Extent 515
942 ## - ADDED ENTRY ELEMENTS (KOHA)
Source of classification or shelving scheme
Koha item type Book Bank
Holdings
Withdrawn status Lost status Source of classification or shelving scheme Damaged status Not for loan Home library Current library Date acquired Source of acquisition Cost, normal purchase price Inventory number Total Checkouts Barcode Checked out Date last seen Date last checked out Uniform Resource Identifier Price effective from Koha item type
          IIMT University Central Library Meerut IIMT University Central Library Meerut 12/12/2020 ARISTA PUBLISHER 250.00 HO/IN/35 DATE 11/12/20 2 01-B-131552 08/31/2022 09/04/2021 09/04/2021 HINDI 12/12/2020 Book Bank
          IIMT University Central Library Meerut IIMT University Central Library Meerut 12/12/2020 ARISTA PUBLISHER 250.00 HO/IN/35 DATE 11/12/20 1 01-B-131553 08/31/2022 09/13/2021 09/13/2021 HINDI 12/12/2020 Book Bank
          IIMT University Central Library Meerut IIMT University Central Library Meerut 12/12/2020 ARISTA PUBLISHER 250.00 HO/IN/35 DATE 11/12/20 2 01-B-131554   03/04/2022 11/09/2021 HINDI 12/12/2020 Book Bank
          IIMT University Central Library Meerut IIMT University Central Library Meerut 12/12/2020 ARISTA PUBLISHER 250.00 HO/IN/35 DATE 11/12/20 3 01-B-131555   12/20/2021 12/20/2021 HINDI 12/12/2020 Book Bank
          IIMT University Central Library Meerut IIMT University Central Library Meerut 12/12/2020 ARISTA PUBLISHER 250.00 HO/IN/35 DATE 11/12/20   01-B-131556   12/12/2020   HINDI 12/12/2020 Book Bank
          IIMT University Central Library Meerut IIMT University Central Library Meerut 12/12/2020 ARISTA PUBLISHER 250.00 HO/IN/35 DATE 11/12/20 1 01-B-131557   11/30/2021 10/11/2021 HINDI 12/12/2020 Book Bank
IIMT, Central Library. All Rights Reserved IIMT,UNIVERSITY © 2023
Implemented and Customised by I CLOUDE EMS
You Are OPAC Visitor No
free web counter

Powered by Koha